Dokumentum. Szabó Lőrinc erdélyi útjai
Elmentve itt :
| Szerző: | |
|---|---|
| Adatforrás: | Meister |
| Forrásdokumentuma: | Látó. - 11 sz., 1991, 1391 p. |
| Nyelv: | magyar |
| Kulcsszavak: | irodalomtörténet művelődéstörténet Erdély SZABÓ Lőrinc |
| LEADER | 00430nab a2200157 i 4500 | ||
|---|---|---|---|
| 001 | bibPRO00010049 | ||
| 008 | 060524s1991 xx hun | ||
| 040 | |a Sz1 | ||
| 041 | |a hun | ||
| 100 | 1 | |a MAROSI Ildikó | |
| 245 | 1 | 0 | |a Dokumentum. Szabó Lőrinc erdélyi útjai |c MAROSI Ildikó |
| 695 | |a irodalomtörténet | ||
| 695 | |a művelődéstörténet | ||
| 695 | |a Erdély | ||
| 695 | |a SZABÓ Lőrinc | ||
| 773 | 0 | |t Látó. - |g 11 sz., 1991, 1391 p. | |